| Tag |
First Indicator |
Second Indicator |
Subfields |
| LEADER |
00000cam a2200000 4500 |
| 001 |
in00000076522 |
| 005 |
20151008052721.0 |
| 008 |
720203s1960 pau 00000 eng u |
| 010 |
|
|
|a 59015673
|
| 035 |
|
|
|a (OCoLC)00233445
|
| 035 |
|
|
|9 AAH4601AM
|
| 040 |
|
|
|c WSU
|d TXA
|d UtOrBLW
|
| 049 |
|
|
|a TXAM
|c [453618]
|
| 050 |
|
0 |
|a HD7304.P5
|b R3
|
| 092 |
|
|
|a 331.833
|b R218r, 1960
|
| 100 |
1 |
|
|a Rapkin, Chester,
|d 1918-2001.
|
| 245 |
1 |
0 |
|a Residential renewal in the urban core ;
|b an analysis of the demand for housing in center city Philadelphia, 1957 to 1970, with reference to the Washington Square east redevelopment area /
|c by Chester Rapkin and William G. Grigsby.
|
| 264 |
|
1 |
|a Philadelphia :
|b University of Pennsylvania Press,
|c [1960]
|
| 300 |
|
|
|a 131 pages
|
| 336 |
|
|
|a text
|b txt
|2 rdacontent
|
| 337 |
|
|
|a unmediated
|b n
|2 rdamedia
|
| 338 |
|
|
|a volume
|b nc
|2 rdacarrier
|
| 650 |
|
0 |
|a Housing
|z Pennsylvania
|z Philadelphia.
|
| 700 |
1 |
|
|a Grigsby, William G.,
|d 1927-
|
| 999 |
|
|
|a MARS
|
| 999 |
f |
f |
|s 47e2266f-68b6-3966-9fe8-33399a864a49
|i c3c023df-ed0a-369f-bcbe-3bd63df3b89c
|t 0
|
| 952 |
f |
f |
|p ric
|a Texas A&M University
|b Rellis Campus
|c Joint Library Facility
|d Remote Storage
|t 0
|e HD7304.P5 R3
|h Library of Congress classification
|i unmediated -- volume
|m A14800722502
|
| 998 |
f |
f |
|a HD7304.P5 R3
|t 0
|l Remote Storage
|